00549nam a22001697a 450000500170000001000150001702000260003203500140005803700090007208200100008124501010009125000060019226000450019827000950024330000200033870000210035820250108144954.0 aENG-143234 a9789389043785c900.00 aEN-126766 bDBAD a323.4 aReflection on Some Different BurningTopics: Analysis and Observation/cEdited by Siya Ram Shukla a1 aNew DelhibSatyam Publishing Housec2021 aN-3/25, Mohan Garden, Uttam NagarbNew Delhie110059k9899665801msatyampub_2006@yahoo.com a377p.c22cm(hb) aShukla, Siya Ram